[Event "Turniej Blitza na II Lidze Juniorów 2018"]
[Site "Szczyrk, Poland"]
[Date "2018.07.26"]
[Round "5.60"]
[White "Zabrzanski, Marcin"]
[Black "Huchwajda, Katarzyna"]
[Result "1/2-1/2"]
[TimeControl "3'+2\""]
[WhiteElo "1112"]
[BlackElo "1690"]

1. e4 {[%clk 00:03:02]} {[%emt 00:00:01]} c5 {[%clk 00:03:03]} {[%emt
00:00:01]} 2. Nf3 {[%clk 00:03:03]} {[%emt 00:00:01]} e6 {[%clk 00:03:04]} 3.
d4 {[%clk 00:03:04]} cxd4 {[%clk 00:03:05]} {[%emt 00:00:02]} 4. Nxd4 {[%clk
00:03:06]} Nf6 {[%clk 00:03:05]} {[%emt 00:00:03]} 5. Nc3 {[%clk 00:03:06]} Nc6
{[%clk 00:03:06]} {[%emt 00:00:01]} 6. Be3 {[%clk 00:03:04]} {[%emt 00:00:05]}
Bb4 {[%clk 00:03:06]} {[%emt 00:00:02]} 7. Bd3 {[%clk 00:03:01]} {[%emt
00:00:04]} O-O {[%clk 00:03:00]} {[%emt 00:00:08]} 8. a3 {[%clk 00:03:02]}
{[%emt 00:00:01]} Bxc3+ {[%clk 00:02:53]} {[%emt 00:00:09]} 9. bxc3 {[%clk
00:03:03]} {[%emt 00:00:01]} d5 {[%clk 00:02:54]} {[%emt 00:00:02]} 10. f3
{[%clk 00:02:55]} {[%emt 00:00:09]} dxe4 {[%clk 00:02:50]} {[%emt 00:00:07]} 11.
fxe4 {[%clk 00:02:54]} {[%emt 00:00:02]} Ne5 {[%clk 00:02:41]} {[%emt
00:00:11]} 12. O-O {[%clk 00:02:50]} {[%emt 00:00:06]} Nxd3 {[%clk 00:02:38]}
{[%emt 00:00:05]} 13. Qxd3 {[%clk 00:02:49]} {[%emt 00:00:03]} e5 {[%clk
00:02:28]} {[%emt 00:00:11]} 14. Nf5 {[%clk 00:02:38]} {[%emt 00:00:14]} Qxd3
{[%clk 00:02:24]} {[%emt 00:00:06]} 15. cxd3 {[%clk 00:02:38]} {[%emt
00:00:02]} Bxf5 {[%clk 00:02:24]} {[%emt 00:00:02]} 16. Rxf5 {[%clk 00:02:38]}
{[%emt 00:00:02]} Rfd8 {[%clk 00:02:04]} {[%emt 00:00:22]} 17. Rd1 {[%clk
00:02:29]} {[%emt 00:00:11]} Ng4 {[%clk 00:01:49]} {[%emt 00:00:17]} 18. Bf2
{[%clk 00:02:02]} {[%emt 00:00:29]} Nxf2 {[%clk 00:01:46]} {[%emt 00:00:06]} 19.
Kxf2 {[%clk 00:02:02]} {[%emt 00:00:01]} f6 {[%clk 00:01:46]} {[%emt 00:00:02]}
20. g4 {[%clk 00:02:01]} {[%emt 00:00:03]} h6 {[%clk 00:01:44]} {[%emt
00:00:04]} 21. h4 {[%clk 00:02:00]} {[%emt 00:00:03]} Rac8 {[%clk 00:01:45]}
{[%emt 00:00:01]} 22. c4 {[%clk 00:01:56]} {[%emt 00:00:06]} Rxc4 {[%clk
00:01:41]} {[%emt 00:00:06]} 23. Rb1 {[%clk 00:01:51]} {[%emt 00:00:07]} Rc7
{[%clk 00:01:39]} {[%emt 00:00:04]} 24. Rb3 {[%clk 00:01:49]} {[%emt 00:00:04]}
Rd4 {[%clk 00:01:38]} {[%emt 00:00:03]} 25. g5 {[%clk 00:01:45]} {[%emt
00:00:07]} hxg5 {[%clk 00:01:30]} {[%emt 00:00:10]} 26. hxg5 {[%clk 00:01:45]}
{[%emt 00:00:02]} Kf7 {[%clk 00:01:25]} {[%emt 00:00:06]} 27. gxf6 {[%clk
00:01:36]} {[%emt 00:00:12]} gxf6 {[%clk 00:01:25]} {[%emt 00:00:02]} 28. Ke3
{[%clk 00:01:32]} {[%emt 00:00:05]} Rcd7 {[%clk 00:01:22]} {[%emt 00:00:05]} 29.
Rh5 {[%clk 00:01:31]} {[%emt 00:00:04]} Ke6 {[%clk 00:01:17]} {[%emt 00:00:06]}
30. Rh8 {[%clk 00:01:23]} {[%emt 00:00:13]} b6 {[%clk 00:01:16]} 31. Re8+
{[%clk 00:01:03]} {[%emt 00:00:21]} Kf7 {[%clk 00:01:14]} {[%emt 00:00:03]} 32.
Rh8 {[%clk 00:01:04]} {[%emt 00:00:02]} Ke6 {[%clk 00:01:02]} {[%emt 00:00:14]}
33. Re8+ {[%clk 00:00:58]} {[%emt 00:00:08]} Re7 {[%clk 00:01:02]} {[%emt
00:00:02]} 34. Rc8 {[%clk 00:00:43]} {[%emt 00:00:16]} Rg7 {[%clk 00:00:47]}
{[%emt 00:00:16]} 35. Rbc3 {[%clk 00:00:34]} {[%emt 00:00:13]} Rg3+ {[%clk
00:00:41]} {[%emt 00:00:08]} 36. Ke2 {[%clk 00:00:28]} {[%emt 00:00:08]} Rg2+
{[%clk 00:00:36]} {[%emt 00:00:06]} 37. Kf3 {[%clk 00:00:10]} {[%emt 00:00:21]}
Ra2 {[%clk 00:00:35]} {[%emt 00:00:03]} 38. R8c6+ {[%clk 00:00:10]} {[%emt
00:00:03]} Rd6 {[%clk 00:00:34]} {[%emt 00:00:01]} 39. Rc7 {[%clk 00:00:11]}
{[%emt 00:00:02]} a5 {[%clk 00:00:26]} {[%emt 00:00:10]} 40. Rb7 {[%clk
00:00:11]} {[%emt 00:00:02]} Rd2 {[%clk 00:00:24]} {[%emt 00:00:04]} 41. Ke3
{[%clk 00:00:11]} {[%emt 00:00:02]} Rh2 {[%clk 00:00:22]} {[%emt 00:00:04]} 42.
Rg7 {[%clk 00:00:09]} {[%emt 00:00:04]} Rh3+ {[%clk 00:00:22]} {[%emt
00:00:02]} 43. Ke2 {[%clk 00:00:10]} {[%emt 00:00:01]} b5 {[%clk 00:00:16]}
{[%emt 00:00:08]} 44. Rb3 {[%clk 00:00:10]} {[%emt 00:00:02]} b4 {[%clk
00:00:07]} {[%emt 00:00:10]} 45. axb4 {[%clk 00:00:11]} {[%emt 00:00:02]} axb4
{[%clk 00:00:07]} {[%emt 00:00:01]} 46. Rb7 {[%clk 00:00:13]} Rh2+ {[%clk
00:00:07]} {[%emt 00:00:03]} 47. Kf3 {[%clk 00:00:12]} {[%emt 00:00:03]} Rh3+
{[%clk 00:00:07]} {[%emt 00:00:02]} 48. Ke2 {[%clk 00:00:13]} {[%emt 00:00:01]}
Rh2+ {[%clk 00:00:06]} {[%emt 00:00:02]} 49. Kd1 {[%clk 00:00:10]} {[%emt
00:00:03]} Rh3 {[%clk 00:00:06]} {[%emt 00:00:04]} 50. Kc2 {[%clk 00:00:11]}
{[%emt 00:00:02]} Rc6+ {[%clk 00:00:05]} {[%emt 00:00:02]} 51. Kd2 {[%clk
00:00:10]} {[%emt 00:00:03]} Rd6 {[%clk 00:00:03]} {[%emt 00:00:03]} 52. R7xb4
{[%clk 00:00:09]} {[%emt 00:00:04]} Rh2+ {[%clk 00:00:05]} 53. Ke1 {[%clk
00:00:10]} {[%emt 00:00:01]} Rh1+ {[%clk 00:00:06]} 54. Kf2 {[%clk 00:00:10]}
{[%emt 00:00:01]} Rh2+ {[%clk 00:00:07]} 55. Kg1 {[%clk 00:00:11]} {[%emt
00:00:01]} Rd2 {[%clk 00:00:07]} {[%emt 00:00:01]} 56. Rc3 {[%clk 00:00:03]}
{[%emt 00:00:11]} R2xd3 {[%clk 00:00:07]} {[%emt 00:00:01]} 57. Rxd3 {[%clk
00:00:03]} {[%emt 00:00:03]} Rxd3 {[%clk 00:00:08]} {[%emt 00:00:01]} 58. Kf2
{[%clk 00:00:04]} Rd4 {[%clk 00:00:08]} {[%emt 00:00:02]} 59. Rxd4 {[%clk
00:00:05]} {[%emt 00:00:02]} exd4 {[%clk 00:00:09]} 60. Ke2 {[%clk 00:00:06]}
Ke5 {[%clk 00:00:10]} {[%emt 00:00:01]} 61. Kd3 {[%clk 00:00:06]} {[%emt
00:00:01]} Kd6 {[%clk 00:00:06]} {[%emt 00:00:07]} 62. Kxd4 {[%clk 00:00:07]}
{[%emt 00:00:02]} Ke6 {[%clk 00:00:07]} 63. Kc4 {[%clk 00:00:05]} {[%emt
00:00:04]} 1/2-1/2

[Event "Turniej Blitza na II Lidze Juniorów 2018"]
[Site "Szczyrk, Poland"]
[Date "2018.07.26"]
[Round "5.12"]
[White "Pedrak, Paulina"]
[Black "Buraczewski, Rafal"]
[Result "0-1"]
[TimeControl "3'+2\""]
[WhiteElo "1596"]
[BlackElo "1927"]

1. e4 {[%clk 00:03:02]} {[%emt 00:00:01]} e6 {[%clk 00:03:04]} 2. d4 {[%clk
00:03:03]} {[%emt 00:00:02]} d5 {[%clk 00:03:05]} 3. exd5 {[%clk 00:03:02]}
{[%emt 00:00:02]} exd5 {[%clk 00:03:06]} {[%emt 00:00:02]} 4. Bd3 {[%clk
00:03:03]} Nc6 {[%clk 00:03:07]} {[%emt 00:00:01]} 5. c3 {[%clk 00:03:02]}
{[%emt 00:00:02]} Bd6 {[%clk 00:03:09]} 6. Nf3 {[%clk 00:03:03]} {[%emt
00:00:03]} Nge7 {[%clk 00:03:10]} {[%emt 00:00:01]} 7. Bg5 {[%clk 00:02:56]}
{[%emt 00:00:08]} f6 {[%clk 00:03:10]} {[%emt 00:00:01]} 8. Bd2 {[%clk
00:02:39]} {[%emt 00:00:20]} Bg4 {[%clk 00:03:10]} {[%emt 00:00:03]} 9. h3
{[%clk 00:02:31]} {[%emt 00:00:10]} Bh5 {[%clk 00:02:58]} {[%emt 00:00:13]} 10.
g4 {[%clk 00:02:31]} {[%emt 00:00:02]} Bg6 {[%clk 00:02:59]} 11. Qc2 {[%clk
00:02:16]} {[%emt 00:00:17]} Qd7 {[%clk 00:02:57]} {[%emt 00:00:04]} 12. Be3
{[%clk 00:02:03]} {[%emt 00:00:16]} O-O-O {[%clk 00:02:52]} {[%emt 00:00:06]}
13. Nbd2 {[%clk 00:02:04]} {[%emt 00:00:01]} f5 {[%clk 00:02:39]} {[%emt
00:00:15]} 14. gxf5 {[%clk 00:01:18]} {[%emt 00:00:49]} Nxf5 {[%clk 00:02:36]}
{[%emt 00:00:05]} 15. O-O-O {[%clk 00:01:18]} {[%emt 00:00:01]} Rde8 {[%clk
00:02:31]} {[%emt 00:00:07]} 16. Rde1 {[%clk 00:00:45]} {[%emt 00:00:36]} Nxe3
{[%clk 00:01:58]} {[%emt 00:00:35]} 17. fxe3 {[%clk 00:00:46]} Bxd3 18. Qxd3
{[%clk 00:00:47]} g6 {[%clk 00:01:46]} {[%emt 00:00:09]} 19. e4 {[%clk
00:00:43]} {[%emt 00:00:06]} Bf4 {[%clk 00:01:38]} {[%emt 00:00:09]} 20. e5
{[%clk 00:00:40]} {[%emt 00:00:05]} Na5 {[%clk 00:01:38]} {[%emt 00:00:02]} 21.
Kb1 {[%clk 00:00:35]} {[%emt 00:00:07]} Re6 {[%clk 00:01:23]} {[%emt 00:00:18]}
22. h4 {[%clk 00:00:27]} {[%emt 00:00:10]} Rb6 {[%clk 00:01:20]} {[%emt
00:00:03]} 23. h5 {[%clk 00:00:20]} {[%emt 00:00:11]} g5 {[%clk 00:01:19]}
{[%emt 00:00:03]} 24. Reg1 {[%clk 00:00:20]} {[%emt 00:00:02]} h6 {[%clk
00:01:19]} {[%emt 00:00:02]} 25. Qc2 {[%clk 00:00:11]} {[%emt 00:00:11]} g4
{[%clk 00:01:00]} {[%emt 00:00:21]} 26. Nh2 {[%clk 00:00:10]} {[%emt 00:00:03]}
Bxd2 {[%clk 00:01:01]} {[%emt 00:00:01]} 27. Qxd2 {[%clk 00:00:06]} {[%emt
00:00:06]} Nc4 {[%clk 00:01:02]} 28. Qc2 {[%clk 00:00:08]} Rxb2+ {[%clk
00:01:03]} {[%emt 00:00:01]} 29. Qxb2 {[%clk 00:00:09]} Nxb2 {[%clk 00:01:04]}
{[%emt 00:00:01]} 30. Kxb2 {[%clk 00:00:10]} Qb5+ {[%clk 00:01:01]} {[%emt
00:00:06]} 31. Kc1 {[%clk 00:00:06]} {[%emt 00:00:06]} Qd3 {[%clk 00:00:59]}
{[%emt 00:00:04]} 32. Nxg4 {[%clk 00:00:03]} {[%emt 00:00:05]} Qxc3+ {[%clk
00:00:59]} {[%emt 00:00:02]} 33. Kb1 {[%clk 00:00:05]} Qxd4 {[%clk 00:00:57]}
{[%emt 00:00:05]} 34. e6 {[%clk 00:00:05]} {[%emt 00:00:01]} Re8 {[%clk
00:00:54]} {[%emt 00:00:05]} 35. Rf1 {[%emt 00:00:05]} 0-1

[Event "Turniej Blitza na II Lidze Juniorów 2018"]
[Site "Szczyrk, Poland"]
[Date "2018.07.26"]
[Round "5.3"]
[White "Jaromin, Michal"]
[Black "Szadkowski, Kamil"]
[Result "0-1"]
[TimeControl "3'+2\""]
[BlackTitle "FM"]
[WhiteElo "1641"]
[BlackElo "2209"]

1. e4 {[%emt 00:09:41]} c5 {[%emt 00:00:02]} 2. Nf3 Nc6 {[%emt 00:00:01]} 3. d4
{[%emt 00:00:01]} cxd4 {[%emt 00:00:01]} 4. Nxd4 {[%emt 00:00:01]} e6 {[%emt
00:00:06]} 5. a3 {[%emt 00:00:03]} Nf6 {[%emt 00:00:06]} 6. Nc3 {[%emt
00:00:01]} Qc7 {[%emt 00:00:02]} 7. Be2 {[%emt 00:00:03]} a6 {[%emt 00:00:02]}
8. O-O {[%emt 00:00:02]} b5 {[%emt 00:00:02]} 9. Be3 {[%emt 00:00:07]} Be7
{[%emt 00:00:12]} 10. f4 {[%emt 00:00:07]} d6 {[%emt 00:00:02]} 11. Bf3 {[%emt
00:00:02]} Bb7 {[%emt 00:00:01]} 12. e5 {[%emt 00:00:15]} dxe5 {[%emt
00:00:06]} 13. Nxc6 {[%emt 00:00:11]} Bxc6 {[%emt 00:00:02]} 14. Bxc6+ {[%emt
00:00:07]} Qxc6 {[%emt 00:00:02]} 15. fxe5 {[%emt 00:00:02]} Nd7 {[%emt
00:00:11]} 16. Qg4 {[%emt 00:00:12]} g6 {[%emt 00:00:25]} 17. Bh6 {[%emt
00:00:30]} Qc5+ {[%emt 00:00:10]} 18. Kh1 {[%emt 00:00:02]} Qxe5 {[%emt
00:00:18]} 19. Qf3 {[%emt 00:00:02]} O-O-O {[%emt 00:00:01]} 20. Qa8+ {[%emt
00:00:09]} Qb8 {[%emt 00:00:10]} 21. Qxa6+ {[%emt 00:00:02]} Qb7 22. Qxb5
{[%emt 00:00:13]} Qxb5 23. Nxb5 f5 24. Rfe1 {[%emt 00:00:12]} Bf6 {[%emt
00:00:09]} 25. Rxe6 {[%emt 00:00:10]} Bxb2 {[%emt 00:00:02]} 26. Rb1 {[%emt
00:00:08]} Rhe8 {[%emt 00:00:04]} 27. Na7+ {[%emt 00:00:37]} Kc7 {[%emt
00:00:03]} 28. Rc6+ {[%emt 00:00:07]} Kb7 {[%emt 00:00:01]} 29. Rxb2+ {[%emt
00:00:02]} Kxa7 {[%emt 00:00:01]} 30. Rc7+ {[%emt 00:00:04]} Ka8 {[%emt
00:00:06]} 31. h3 {[%emt 00:00:05]} Ne5 {[%emt 00:00:10]} 32. Be3 {[%emt
00:00:06]} Rd7 {[%emt 00:00:01]} 33. Rc5 {[%emt 00:00:06]} Rb7 {[%emt
00:00:05]} 34. Rxb7 {[%emt 00:00:14]} Kxb7 {[%emt 00:00:01]} 35. Rb5+ Kc6
{[%emt 00:00:01]} 36. Rb6+ {[%emt 00:00:03]} Kd5 {[%emt 00:00:01]} 37. Rb7 h5
{[%emt 00:00:05]} 38. a4 {[%emt 00:00:04]} Nc4 {[%emt 00:00:01]} 39. Bf4 {[%emt
00:00:04]} Re1+ {[%emt 00:00:04]} 40. Kh2 Ra1 41. Rb5+ {[%emt 00:00:02]} Kc6
{[%emt 00:00:08]} 42. Rb4 {[%emt 00:00:10]} Nb6 {[%emt 00:00:02]} 43. Be3
{[%emt 00:00:01]} Nd5 44. Rc4+ {[%emt 00:00:02]} Kd7 {[%emt 00:00:03]} 45. Rd4
Ke6 {[%emt 00:00:02]} 46. Bf4 {[%emt 00:00:01]} 0-1

[Event "Turniej Blitza na II Lidze Juniorów 2018"]
[Site "Szczyrk, Poland"]
[Date "2018.07.26"]
[Round "5.35"]
[White "Kebel, Bartosz"]
[Black "Syrkiewicz, Michal"]
[Result "1/2-1/2"]
[TimeControl "3'+2\""]
[WhiteElo "1283"]
[BlackElo "1518"]

1. d4 {[%emt 00:01:14]} d5 {[%emt 00:00:01]} 2. c4 e6 3. Nc3 {[%emt 00:00:01]}
c6 4. Nf3 {[%emt 00:00:03]} dxc4 {[%emt 00:00:01]} 5. e3 b5 6. a4 {[%emt
00:00:14]} Bb4 {[%emt 00:00:01]} 7. axb5 {[%emt 00:00:07]} Bxc3+ {[%emt
00:00:06]} 8. bxc3 cxb5 {[%emt 00:00:01]} 9. Ne5 {[%emt 00:00:05]} Nd7 {[%emt
00:00:09]} 10. Qf3 {[%emt 00:00:04]} Nxe5 {[%emt 00:00:16]} 11. Qxa8 {[%emt
00:00:01]} Ng6 {[%emt 00:00:19]} 12. Qxa7 {[%emt 00:00:05]} Bd7 {[%emt
00:00:02]} 13. Be2 {[%emt 00:00:02]} Nf6 {[%emt 00:00:01]} 14. O-O {[%emt
00:00:02]} O-O {[%emt 00:00:02]} 15. Bf3 {[%emt 00:00:09]} Nd5 {[%emt
00:00:09]} 16. Bd2 {[%emt 00:00:08]} Nge7 {[%emt 00:00:11]} 17. Rfb1 {[%emt
00:00:03]} f5 {[%emt 00:00:06]} 18. h3 {[%emt 00:00:37]} g5 {[%emt 00:00:01]}
19. e4 {[%emt 00:00:15]} fxe4 {[%emt 00:00:13]} 20. Bxe4 Nf5 {[%emt 00:00:16]}
21. Bxd5 {[%emt 00:00:05]} exd5 {[%emt 00:00:03]} 22. Bxg5 {[%emt 00:00:04]}
Qxg5 {[%emt 00:00:07]} 23. Qxd7 {[%emt 00:00:01]} Ng7 {[%emt 00:00:06]} 24.
Rxb5 {[%emt 00:00:16]} Qd2 {[%emt 00:00:01]} 25. Qxd5+ Kh8 26. Rf1 {[%emt
00:00:01]} Qxc3 {[%emt 00:00:03]} 27. Rc5 {[%emt 00:00:02]} Qd2 {[%emt
00:00:11]} 28. Qxc4 {[%emt 00:00:03]} Qf4 {[%emt 00:00:02]} 29. d5 {[%emt
00:00:04]} Qd6 {[%emt 00:00:04]} 30. Rc6 {[%emt 00:00:02]} Qb8 {[%emt
00:00:01]} 31. d6 {[%emt 00:00:03]} Nf5 {[%emt 00:00:04]} 32. d7 {[%emt
00:00:07]} Ne7 {[%emt 00:00:12]} 33. Qd4+ {[%emt 00:00:14]} Kg8 {[%emt
00:00:03]} 34. Qg4+ {[%emt 00:00:01]} Kh8 {[%emt 00:00:01]} 35. Re6 {[%emt
00:00:15]} Qd8 {[%emt 00:00:01]} 36. Qe2 {[%emt 00:00:04]} Rf7 {[%emt
00:00:09]} 37. Rd1 {[%emt 00:00:05]} Kg8 {[%emt 00:00:05]} 38. Re1 {[%emt
00:00:03]} Kf8 39. Rd6 {[%emt 00:00:11]} Qc7 {[%emt 00:00:03]} 40. Qd2 {[%emt
00:00:13]} Qd8 {[%emt 00:00:02]} 41. Qh6+ {[%emt 00:00:01]} Kg8 {[%emt
00:00:01]} 42. Qe6 {[%emt 00:00:04]} Kf8 {[%emt 00:00:03]} 43. Rdd1 {[%emt
00:00:05]} Rg7 {[%emt 00:00:13]} 44. Qf6+ {[%emt 00:00:11]} Rf7 {[%emt
00:00:01]} 45. Qh8+ Ng8 {[%emt 00:00:02]} 46. Re8+ {[%emt 00:00:03]} Qxe8 47.
dxe8=R+ {[%emt 00:00:06]} Kxe8 {[%emt 00:00:01]} 48. Qe5+ Ne7 {[%emt 00:00:02]}
49. Qb8+ Nc8 {[%emt 00:00:02]} 50. Qxc8+ {[%emt 00:00:02]} Ke7 51. Qd7+ {[%emt
00:00:01]} Kf6 {[%emt 00:00:01]} 52. Qxf7+ {[%emt 00:00:02]} Kxf7 53. g3 {[%emt
00:00:02]} Kg7 54. f3 Kf7 {[%emt 00:00:01]} 55. Kg2 {[%emt 00:00:01]} Ke7 56.
Rd4 Kf6 {[%emt 00:00:01]} 57. g4 Kg6 58. Kg3 Kf6 59. Rd5 Ke6 60. Rh5 Kf7 {[%emt
00:00:02]} 61. Rxh7+ Kg6 62. Ra7 {[%emt 00:00:02]} Kf6 63. f4 Kg6 64. h4 Kh6 65.
h5 1/2-1/2

[Event "Turniej Blitza na II Lidze Juniorów 2018"]
[Site "Szczyrk, Poland"]
[Date "2018.07.26"]
[Round "5.46"]
[White "Uliasz, Miroslaw"]
[Black "Krawczyk, Flawian"]
[Result "0-1"]
[TimeControl "3'+2\""]
[WhiteElo "1075"]
[BlackElo "1372"]

1. e4 {[%clk 00:03:02]} {[%emt 00:00:03]} c5 {[%clk 00:03:02]} {[%emt
00:00:03]} 2. c3 {[%clk 00:03:03]} {[%emt 00:00:01]} d5 {[%clk 00:03:02]}
{[%emt 00:00:02]} 3. exd5 {[%clk 00:03:02]} {[%emt 00:00:02]} Qxd5 {[%clk
00:03:03]} {[%emt 00:00:01]} 4. Nf3 {[%clk 00:02:58]} {[%emt 00:00:07]} Nc6
{[%clk 00:03:01]} {[%emt 00:00:03]} 5. d4 {[%clk 00:02:47]} {[%emt 00:00:14]}
Bg4 {[%clk 00:02:59]} {[%emt 00:00:04]} 6. dxc5 {[%clk 00:02:30]} {[%emt
00:00:19]} Qxd1+ {[%clk 00:02:55]} {[%emt 00:00:05]} 7. Kxd1 {[%clk 00:02:29]}
{[%emt 00:00:03]} e5 {[%clk 00:02:56]} {[%emt 00:00:01]} 8. Be2 {[%clk
00:02:25]} {[%emt 00:00:07]} Bxc5 {[%clk 00:02:48]} {[%emt 00:00:10]} 9. h3
{[%clk 00:02:21]} {[%emt 00:00:05]} Bxf3 {[%clk 00:02:47]} {[%emt 00:00:03]} 10.
Bxf3 {[%clk 00:02:21]} {[%emt 00:00:03]} Bxf2 {[%clk 00:02:40]} {[%emt
00:00:09]} 11. Rf1 {[%clk 00:02:22]} {[%emt 00:00:01]} Bc5 {[%clk 00:02:36]}
{[%emt 00:00:06]} 12. Nd2 {[%clk 00:02:13]} {[%emt 00:00:11]} Nf6 {[%clk
00:02:31]} {[%emt 00:00:06]} 13. Nb3 {[%clk 00:02:12]} {[%emt 00:00:04]} Bd6
{[%clk 00:02:27]} {[%emt 00:00:05]} 14. Kc2 {[%clk 00:02:04]} {[%emt 00:00:10]}
Rc8 {[%clk 00:02:23]} {[%emt 00:00:05]} 15. Be3 {[%clk 00:01:58]} {[%emt
00:00:08]} O-O {[%clk 00:02:19]} {[%emt 00:00:06]} 16. Rad1 {[%clk 00:01:58]}
{[%emt 00:00:02]} Bb8 {[%clk 00:02:18]} {[%emt 00:00:04]} 17. Bc5 {[%clk
00:01:30]} {[%emt 00:00:31]} Rfe8 {[%clk 00:02:14]} {[%emt 00:00:05]} 18. Ba3
{[%clk 00:01:27]} {[%emt 00:00:05]} e4 {[%clk 00:02:05]} {[%emt 00:00:11]} 19.
Be2 {[%clk 00:01:21]} {[%emt 00:00:07]} Ne5 {[%clk 00:01:38]} {[%emt 00:00:30]}
20. Bb5 {[%clk 00:00:55]} {[%emt 00:00:28]} Nc6 {[%clk 00:01:23]} {[%emt
00:00:17]} 21. Nc5 {[%clk 00:00:42]} {[%emt 00:00:14]} b6 {[%clk 00:00:56]}
{[%emt 00:00:30]} 22. Nb3 {[%clk 00:00:21]} {[%emt 00:00:24]} Be5 {[%clk
00:00:37]} {[%emt 00:00:20]} 23. Rfe1 {[%clk 00:00:11]} {[%emt 00:00:12]} h6
{[%clk 00:00:33]} {[%emt 00:00:06]} 24. g4 {[%clk 00:00:12]} {[%emt 00:00:01]}
Bf4 {[%clk 00:00:27]} {[%emt 00:00:08]} 25. Rf1 {[%clk 00:00:11]} {[%emt
00:00:03]} Bg5 {[%clk 00:00:28]} {[%emt 00:00:02]} 26. Nd2 {[%clk 00:00:09]}
{[%emt 00:00:04]} e3 {[%clk 00:00:26]} {[%emt 00:00:03]} 27. Nf3 {[%clk
00:00:09]} {[%emt 00:00:02]} e2 {[%clk 00:00:26]} {[%emt 00:00:02]} 28. Nxg5
{[%clk 00:00:06]} {[%emt 00:00:05]} exd1=Q+ {[%clk 00:00:23]} {[%emt 00:00:05]}
29. Rxd1 {[%clk 00:00:07]} {[%emt 00:00:01]} hxg5 {[%clk 00:00:22]} {[%emt
00:00:03]} 30. Rd2 {[%clk 00:00:03]} {[%emt 00:00:06]} Ne4 {[%clk 00:00:21]}
{[%emt 00:00:04]} 31. Rd1 {[%clk 00:00:03]} {[%emt 00:00:03]} Nc5 {[%clk
00:00:21]} 32. Bc4 {[%clk 00:00:03]} {[%emt 00:00:02]} Ne5 {[%clk 00:00:17]}
{[%emt 00:00:06]} 33. Ba6 {[%clk 00:00:04]} {[%emt 00:00:01]} Rcd8 {[%clk
00:00:18]} 34. Rf1 {[%clk 00:00:04]} {[%emt 00:00:02]} Ned3 {[%clk 00:00:18]}
{[%emt 00:00:02]} 35. Bb5 {[%clk 00:00:04]} {[%emt 00:00:03]} Re2+ {[%clk
00:00:19]} 36. Kd1 {[%clk 00:00:03]} {[%emt 00:00:03]} Rh2 {[%clk 00:00:18]}
{[%emt 00:00:02]} 37. Bxd3 {[%emt 00:00:03]} Rxd3+ {[%emt 00:00:03]} 38. Kc1
{[%emt 00:00:01]} Rdd2 {[%emt 00:00:02]} 39. Bxc5 {[%emt 00:00:03]} Rd6 {[%emt
00:00:03]} 0-1

[Event "Turniej Blitza na II Lidze Juniorów 2018"]
[Site "Szczyrk, Poland"]
[Date "2018.07.26"]
[Round "5.48"]
[White "Klim, Juliusz"]
[Black "Laszczuk, Zuzanna"]
[Result "0-1"]
[TimeControl "3'+2\""]
[WhiteElo "1110"]
[BlackElo "1368"]

1. e4 {[%clk 00:03:02]} {[%emt 00:00:02]} e5 {[%clk 00:03:04]} 2. Nf3 {[%clk
00:03:03]} {[%emt 00:00:02]} Nc6 {[%clk 00:03:05]} 3. Bc4 {[%clk 00:03:03]}
{[%emt 00:00:01]} Bc5 {[%clk 00:03:06]} 4. c3 {[%clk 00:03:04]} {[%emt
00:00:03]} Nf6 {[%clk 00:03:07]} 5. d3 {[%clk 00:03:04]} {[%emt 00:00:02]} d6
{[%clk 00:03:07]} {[%emt 00:00:01]} 6. h3 {[%clk 00:03:04]} {[%emt 00:00:02]}
h6 {[%clk 00:03:08]} {[%emt 00:00:01]} 7. Be3 {[%clk 00:03:01]} {[%emt
00:00:05]} Bb6 {[%clk 00:03:08]} {[%emt 00:00:02]} 8. O-O {[%clk 00:03:02]}
{[%emt 00:00:02]} g5 {[%clk 00:03:09]} {[%emt 00:00:01]} 9. Qb3 {[%clk
00:02:19]} {[%emt 00:00:45]} Qe7 {[%clk 00:03:06]} {[%emt 00:00:04]} 10. Nbd2
{[%clk 00:02:04]} {[%emt 00:00:17]} g4 {[%clk 00:03:07]} {[%emt 00:00:02]} 11.
Nh4 {[%clk 00:01:54]} {[%emt 00:00:11]} gxh3 {[%clk 00:03:06]} {[%emt
00:00:03]} 12. gxh3 {[%clk 00:01:49]} {[%emt 00:00:07]} Bxh3 {[%clk 00:03:06]}
{[%emt 00:00:03]} 13. Kh2 {[%clk 00:01:39]} {[%emt 00:00:11]} Bxf1 {[%clk
00:03:02]} {[%emt 00:00:06]} 14. Rxf1 {[%clk 00:01:40]} {[%emt 00:00:02]} Nh5
{[%clk 00:03:02]} 15. Nf5 {[%clk 00:01:36]} {[%emt 00:00:06]} Qf6 {[%clk
00:02:57]} {[%emt 00:00:07]} 16. Bxh6 {[%clk 00:01:20]} {[%emt 00:00:18]} Nf4
{[%clk 00:02:53]} {[%emt 00:00:05]} 17. Kg1 {[%clk 00:01:06]} {[%emt 00:00:16]}
Rg8+ {[%clk 00:02:51]} {[%emt 00:00:04]} 18. Kh1 {[%clk 00:00:44]} {[%emt
00:00:26]} Qg6 {[%clk 00:02:48]} {[%emt 00:00:04]} 19. Nh4 {[%clk 00:00:13]}
{[%emt 00:00:33]} Qxh6 {[%clk 00:02:30]} {[%emt 00:00:20]} 20. Bxf7+ {[%clk
00:00:13]} {[%emt 00:00:02]} Kd8 {[%clk 00:02:31]} 21. Ndf3 {[%emt 00:00:26]}
Rg4 {[%emt 00:00:06]} 22. Qe6 {[%emt 00:00:05]} Rxh4+ {[%emt 00:00:10]} 23.
Nxh4 {[%emt 00:00:05]} Qxh4+ {[%emt 00:00:02]} 0-1